Personnalités nées en Ardèche par images - Statistiques

Statistiques générales
  • Ce quiz a été pris 84 fois
  • Le résultat moyen est 3 sur 9
Statistiques - réponses
Par images Réponse % Correct
Olivier Dussopt
61%
Clément Grenier
60%
Laurent Paganelli
57%
Jacques-Étienne Montgolfier
31%
Joseph-Michel Montgolfier
31%
Davy Mourier
20%
Jean-François Dérec
13%
Marc Seguin
12%
Henri Charrière
3%
Aucun quiz correspondant
Distribution des résultats
% des personnes avec chaque résultat
Percentile par nombre de réponses
Votre historique - résultats
Vous n’avez pas pris ce quiz